<?xml version="1.0" encoding="UTF-8"?>
<record
    xmlns:xsi="http://www.w3.org/2001/XMLSchema-instance"
    xsi:schemaLocation="http://www.loc.gov/MARC21/slim http://www.loc.gov/standards/marcxml/schema/MARC21slim.xsd"
    xmlns="http://www.loc.gov/MARC21/slim">

  <leader>02355nam a22004337a 4500</leader>
  <datafield tag="999" ind1=" " ind2=" ">
    <subfield code="c">2151</subfield>
    <subfield code="d">2151</subfield>
  </datafield>
  <controlfield tag="003">AR-CdUCM</controlfield>
  <controlfield tag="008">190304b           ||||| |||| 00| 0 spa d</controlfield>
  <datafield tag="020" ind1=" " ind2=" ">
    <subfield code="a">978-9972-623-63-9</subfield>
  </datafield>
  <datafield tag="040" ind1=" " ind2=" ">
    <subfield code="a">MUNICIPALIDAD PROVINCIAL DEL CUSCO</subfield>
    <subfield code="c">BIBLIOTECA MUNICIPAL DEL CUSCO</subfield>
  </datafield>
  <datafield tag="082" ind1=" " ind2=" ">
    <subfield code="a">305.800985 / </subfield>
    <subfield code="b">R35</subfield>
  </datafield>
  <datafield tag="110" ind1=" " ind2=" ">
    <subfield code="a">Instituto Franc&#xE9;s de Estudios Andinos</subfield>
    <subfield code="9">7750</subfield>
  </datafield>
  <datafield tag="245" ind1=" " ind2=" ">
    <subfield code="a">El regreso de lo ind&#xED;gena : </subfield>
    <subfield code="b">retos, problemas y perspectivas /</subfield>
    <subfield code="c">Val&#xE9;rie Robin Azevedo; Carmen Salazar Soler.</subfield>
  </datafield>
  <datafield tag="260" ind1=" " ind2=" ">
    <subfield code="a">Lima : </subfield>
    <subfield code="b">Instituto Franc&#xE9;s de Estudios Andinos :  </subfield>
    <subfield code="b"> Centro de Estudios Regionales Andinos Bartolom&#xE9; de Las Casas : </subfield>
    <subfield code="b">Mondes Am&#xE9;ricains Societ&#xE9;s, Circulations, Pouvoirs XVe-XXIe si&#xE9;cle  : </subfield>
    <subfield code="b">LISST, Centre d'Anthropologie Sociale : </subfield>
    <subfield code="b">Cooperaci&#xF3;n Regional para los Pa&#xED;ses Andinos, Embajada de Francia en el Per&#xFA;, </subfield>
    <subfield code="c">2009.</subfield>
  </datafield>
  <datafield tag="300" ind1=" " ind2=" ">
    <subfield code="a">292 p&#xE1;ginas ; </subfield>
    <subfield code="b">Cuadros ; </subfield>
    <subfield code="c">23.5 cm.</subfield>
  </datafield>
  <datafield tag="440" ind1=" " ind2=" ">
    <subfield code="a">Actes y M&#xE9;moires </subfield>
    <subfield code="n"> : 26.</subfield>
    <subfield code="9">7751</subfield>
  </datafield>
  <datafield tag="440" ind1=" " ind2=" ">
    <subfield code="a">Estudios y Debates Regionales Andinos </subfield>
    <subfield code="n"> : 3109.</subfield>
    <subfield code="9">7752</subfield>
  </datafield>
  <datafield tag="505" ind1=" " ind2=" ">
    <subfield code="a">Contenido : Parte I: &#xBF;Circunscribir el problema? Sobre unas cuantas dificultades te&#xF3;ricas -- Parte II: Etnicizaci&#xF3;n de la vida pol&#xED;tica -- Parte III: Conflictos socioambientales y procesos de etnog&#xE9;nesis -- Parte IV: Reinvenci&#xF3;n de la tradici&#xF3;n prehisp&#xE1;nica y apropiaci&#xF3;n de lo ind&#xED;gena ...</subfield>
  </datafield>
  <datafield tag="650" ind1=" " ind2=" ">
    <subfield code="a">Etnicidad - Per&#xFA; - Ensayos - Conferencias</subfield>
    <subfield code="9">7753</subfield>
  </datafield>
  <datafield tag="650" ind1=" " ind2=" ">
    <subfield code="a">Indigenismo - Ensayos</subfield>
    <subfield code="9">7754</subfield>
  </datafield>
  <datafield tag="650" ind1=" " ind2=" ">
    <subfield code="a">Condiciones sociales - Ind&#xED;genas</subfield>
    <subfield code="9">7755</subfield>
  </datafield>
  <datafield tag="650" ind1=" " ind2=" ">
    <subfield code="a">Relaciones raciales - Per&#xFA;</subfield>
    <subfield code="9">7756</subfield>
  </datafield>
  <datafield tag="700" ind1=" " ind2=" ">
    <subfield code="a">Robin Azevedo, Val&#xE9;rie (Editora)</subfield>
    <subfield code="9">7757</subfield>
  </datafield>
  <datafield tag="700" ind1=" " ind2=" ">
    <subfield code="a">Salazar-Soler, Carmen (Editora)</subfield>
    <subfield code="9">7758</subfield>
  </datafield>
  <datafield tag="700" ind1=" " ind2=" ">
    <subfield code="a">Favre, Henri</subfield>
    <subfield code="9">7759</subfield>
  </datafield>
  <datafield tag="700" ind1=" " ind2=" ">
    <subfield code="a">Lavaud, Jean-Pierre</subfield>
    <subfield code="9">7760</subfield>
  </datafield>
  <datafield tag="700" ind1=" " ind2=" ">
    <subfield code="a">Lestage, Francois</subfield>
    <subfield code="9">7761</subfield>
  </datafield>
  <datafield tag="700" ind1=" " ind2=" ">
    <subfield code="a">Gamarra Carrillo, Jefrey</subfield>
    <subfield code="9">7762</subfield>
  </datafield>
  <datafield tag="700" ind1=" " ind2=" ">
    <subfield code="a">Alvizuri, Verushk</subfield>
    <subfield code="9">7763</subfield>
  </datafield>
  <datafield tag="700" ind1=" " ind2=" ">
    <subfield code="a">Herrera Sarmiento, Enrique</subfield>
    <subfield code="9">7764</subfield>
  </datafield>
  <datafield tag="700" ind1=" " ind2=" ">
    <subfield code="a">Galinier, Jacques</subfield>
    <subfield code="9">7765</subfield>
  </datafield>
  <datafield tag="700" ind1=" " ind2=" ">
    <subfield code="a">Molini&#xE9;, Antoinette</subfield>
    <subfield code="9">7766</subfield>
  </datafield>
  <datafield tag="700" ind1=" " ind2=" ">
    <subfield code="a">Itier, C&#xE9;sar</subfield>
    <subfield code="9">7767</subfield>
  </datafield>
  <datafield tag="710" ind1=" " ind2=" ">
    <subfield code="a">Centro de Estudios Regionales Andinos Bartolom&#xE9; de Las Casas</subfield>
    <subfield code="9">7768</subfield>
  </datafield>
  <datafield tag="710" ind1=" " ind2=" ">
    <subfield code="a">Mondes Am&#xE9;ricains Societ&#xE9;s, Circulations, Pouvoirs XVe-XXIe si&#xE9;cle</subfield>
    <subfield code="9">7769</subfield>
  </datafield>
  <datafield tag="710" ind1=" " ind2=" ">
    <subfield code="a">LISST, Centre d'Anthropologie Sociale</subfield>
    <subfield code="9">7770</subfield>
  </datafield>
  <datafield tag="710" ind1=" " ind2=" ">
    <subfield code="a">LISST, Centre d'Anthropologie Sociale</subfield>
    <subfield code="9">7770</subfield>
  </datafield>
  <datafield tag="942" ind1=" " ind2=" ">
    <subfield code="2">ddc</subfield>
    <subfield code="c">LIBROS</subfield>
  </datafield>
  <datafield tag="945" ind1=" " ind2=" ">
    <subfield code="a">lccs</subfield>
    <subfield code="d">2019-03-04</subfield>
  </datafield>
  <datafield tag="952" ind1=" " ind2=" ">
    <subfield code="0">0</subfield>
    <subfield code="2">ddc</subfield>
    <subfield code="4">0</subfield>
    <subfield code="7">0</subfield>
    <subfield code="a">SH</subfield>
    <subfield code="b">SH</subfield>
    <subfield code="c">CART</subfield>
    <subfield code="d">2019-03-04</subfield>
    <subfield code="g">45.00</subfield>
    <subfield code="o">305.800985 /  R35</subfield>
    <subfield code="p">SH0000002349</subfield>
    <subfield code="r">2019-03-04</subfield>
    <subfield code="y">LIBROS</subfield>
  </datafield>
</record>
